Estatísticas para Regiões Metropolitanas do Brasil

Clique aqui para jogar o quiz

Estatísticas Gerais

  • Esse quiz foi jogado 284 vezes
  • A pontuação média é 33 de 83

Respostas no mapa

Respostas codificadas por cores de uma escala verde-vermelha no mapa do quiz de acordo com a % correta abaixo.
 

Estatísticas das Respostas

StateRM% Correto
Rio de JaneiroRio de Janeiro
91%
São PauloSão Paulo
91%
AmazonasManaus
83%
Minas GeraisBelo Horizonte
82%
BahiaSalvador
81%
Rio Grande do SulPorto Alegre
79%
Espirito SantoVitória
79%
Santa CatarinaFlorianópolis
78%
ParanáCuritiba
77%
DF / GO / MGDistrito Federal e Entorno
77%
CearáFortaleza
77%
ParáBelém
76%
GoiásGoiânia
74%
AmapáMacapá
73%
Rio Grande do NorteNatal
72%
Mato GrossoVale do Rio Cuiabá
72%
PernambucoRecife
71%
São PauloCampinas
70%
RondôniaPorto Velho
70%
MaranhãoSão Luís
70%
ParaíbaJoão Pessoa
67%
AlagoasMaceió
66%
TocantinsPalmas
66%
São PauloBaixada Santista
65%
SergipeAracaju
64%
RoráimaBoa Vista
60%
PI / MAGrande Teresina
60%
ParanáLondrina
60%
Santa CatarinaNorte-Nordeste Catarinense
55%
Santa CatarinaVale do Itajaí
52%
ParanáMaringá
51%
BA / PEPolo Petrolina e Juazeiro
50%
Santa CatarinaChapecó
47%
São PauloRibeirão Preto
46%
BahiaFeira de Santana
45%
AlagoasVale do Paraíba
43%
ParaíbaCampina Grande
42%
Santa CatarinaCarbonífera
41%
São PauloSorocaba
39%
ParanáCascavel
37%
ParáSantarém
37%
Rio Grande do SulSul
37%
MaranhãoSudoeste Maranhense
36%
Rio Grande do SulSerra Gaúcha
34%
CearáCariri
32%
CearáSobral
32%
Santa CatarinaAlto Vale do Itajaí
31%
Santa CatarinaFoz do Rio Itajaí
31%
Minas GeraisVale do Aço
30%
AlagoasAgreste
28%
São PauloFranca
28%
Santa CatarinaTubarão
26%
ParáMarabá
24%
São PauloJundiaí
23%
Santa CatarinaLages
23%
ParanáToledo
19%
ParaíbaPatos
17%
São PauloPiracicaba
17%
São PauloVale do Paraíba e Litoral Norte
17%
ParanáCampo Mourão
14%
ParanáApucarana
13%
ParaíbaSousa
13%
TocantinsGurupi
12%
AlagoasCaetés
11%
ParanáUmuarama
11%
ParaíbaCajazeiras
10%
Santa CatarinaExtremo Oeste
10%
Santa CatarinaContestado
9%
Rio Grande do SulLitoral Norte
9%
AlagoasPalmeira dos Índios
9%
AlagoasZona da Mata
9%
RoráimaCentral
8%
ParaíbaGuarabira
6%
ParaíbaItabaiana
6%
AlagoasSertão
6%
RoráimaSul de Roraima
6%
ParaíbaBarra de Santa Rosa
5%
AlagoasSão Francisco
5%
ParaíbaVale do Mamanguape
5%
ParaíbaAraruna
4%
ParaíbaEsperança
4%
AlagoasMédio Sertão
4%
ParaíbaVale do Piancó
4%

Distribuição das Pontuações

Percentil de Números Respondidos

Porcentagem de Pessoas com Cada Pontuação

Sua Pontuação Histórica

Você não jogou esse quiz